| 000 | 00612nam a2200181 4500 | ||
|---|---|---|---|
| 005 | 20251006154711.0 | ||
| 008 | 251006b |||||||| |||| 00| 0 eng d | ||
| 020 | _a9786218205116 | ||
| 082 | _aDFil 346.07 D713 2025 | ||
| 100 |
_aDominggo, Andrix D. _968524 |
||
| 245 |
_aObligations and contracts : _blaws principles and jurisprudence / _cAndrix D. Dominggo. |
||
| 250 | _a2025 edition. | ||
| 260 |
_aBenguet : _bCoaching for Results Publishing, _c©2025. |
||
| 300 |
_a704 pages : _billustrations ; _c23 cm. |
||
| 650 | 0 |
_aContracts. _968525 |
|
| 650 | 0 |
_aNegotiable instruments. _968526 |
|
| 942 |
_2ddc _cDFIL |
||
| 999 |
_c23984 _d23984 |
||